Az Állami Polgári Iskolai Tanárképző Főiskola új igazgatója az Állami Polgári Iskolai Tanárképző Főiskola új tanárai

Elmentve itt :
Bibliográfiai részletek
Dokumentumtípus: Cikk
Megjelent: 1941
Sorozat:A cselekvés iskolája 9
Kulcsszavak:Neveléstudomány
Tárgyszavak:
Online Access:http://acta.bibl.u-szeged.hu/34062
LEADER 00678nab a2200181 i 4500
001 acta34062
005 20231009104434.0
008 161017s1941 hu o 0|| hun d
040 |a SZTE Egyetemi Kiadványok Repozitórium  |b hun 
041 |a hun 
245 0 3 |a Az Állami Polgári Iskolai Tanárképző Főiskola új igazgatója   |h [elektronikus dokumentum] :  |b az Állami Polgári Iskolai Tanárképző Főiskola új tanárai 
260 |c 1941 
300 |a 176 
490 0 |a A cselekvés iskolája  |v 9 
650 4 |a Társadalomtudományok 
650 4 |a Oktatástudomány 
695 |a Neveléstudomány 
856 4 0 |u http://acta.bibl.u-szeged.hu/34062/1/cselekves_009_176.pdf  |z Dokumentum-elérés